[Event "10th European club championship, Qualification group 1"]
[Site "Eupen"]
[Date "1994.10.16"]
[Round "3"]
[White "Chuchelov, Vladimir"]
[Black "Ward, Christopher"]
[Result "1-0"]
[WhiteElo "2475"]
[BlackElo "2490"]
[WhiteTitle "IM"]
[BlackTitle "IM"]
[WhiteTeam "SK Rochade Eupen-Kelmis"]
[BlackTeam "Invicta Knights Maidstone"]
[Board "2"]
[Source "OlimpBase"]
[EventDate "1994.10.14"]
[PlyCount "83"]

1.d4 Nf6 2.Nf3 e6 3.c4 c5 4.e3 cxd4 5.exd4 d6 6.Nc3 Be7 7.Bd3 b6 8.O-O O-O
9.Re1 Nbd7 10.Bf4 Re8 11.a3 Nf8 12.h3 Ng6 13.Bh2 Bb7 14.b4 Bf8 15.Rc1 Rc8 
16.Bf1 a6 17.Re3 Ne7 18.Re1 Nf5 19.d5 exd5 20.Rxe8 Qxe8 21.cxd5 b5 22.Bd3 
Qd7 23.Ne4 Nxd5 24.Rxc8 Qxc8 25.g4 Nh6 26.Bxd6 Nxg4 27.Bxf8 Nf4 28.Bc5 
Nxh3+ 29.Kf1 Qd7 30.Neg5 Kh8 31.Be2 Qxd1+ 32.Bxd1 Nh2+ 33.Nxh2 Nxg5 34.Be3
Ne4 35.Bf3 f5 36.Kg2 h6 37.Nf1 Bc8 38.Bxe4 fxe4 39.Nd2 Bf5 40.Nb3 g5 41.
Nc5 Bc8 42.Kg3 1-0

[Event "10th European club championship, Qualification group 1"]
[Site "Eupen"]
[Date "1994.10.16"]
[Round "3"]
[White "Dickenson, Neil F"]
[Black "Kishnev, Sergei"]
[Result "0-1"]
[WhiteElo "2290"]
[BlackElo "2470"]
[BlackTitle "IM"]
[WhiteTeam "Invicta Knights Maidstone"]
[BlackTeam "SK Rochade Eupen-Kelmis"]
[Board "3"]
[Source "OlimpBase"]
[EventDate "1994.10.14"]
[PlyCount "70"]

1.e4 c5 2.Nc3 Nc6 3.g3 g6 4.Bg2 Bg7 5.d3 d6 6.f4 e6 7.Nf3 Nge7 8.O-O O-O 
9.Be3 Nd4 10.Nd2 Rb8 11.Nb3 a6 12.Bf2 Nec6 13.e5 dxe5 14.Nxc5 exf4 15.gxf4
Nf5 16.Nb3 Qc7 17.Qd2 b6 18.Rae1 Bb7 19.Nd1 Nce7 20.Bxb7 Rxb7 21.Re4 Nd5 
22.Rc4 Qb8 23.Nc3 Rd8 24.a4 Nd6 25.Rd4 Ne7 26.f5 Nexf5 27.Rg4 h5 28.Rg2 
Rc7 29.Qe2 Rdc8 30.d4 Qb7 31.Qd3 Rd8 32.a5 Nc4 33.axb6 Qxb6 34.d5 Qb8 35.
Qh3 exd5 0-1

[Event "10th European club championship, Qualification group 1"]
[Site "Eupen"]
[Date "1994.10.16"]
[Round "3"]
[White "Ahn, Martin"]
[Black "Howell, Christopher"]
[Result "1/2-1/2"]
[WhiteElo "2260"]
[BlackElo "2105"]
[WhiteTeam "SK Rochade Eupen-Kelmis"]
[BlackTeam "Invicta Knights Maidstone"]
[Board "4"]
[Source "OlimpBase"]
[EventDate "1994.10.14"]
[PlyCount "93"]

1.e4 c5 2.Nf3 Nc6 3.d4 cxd4 4.Nxd4 Nf6 5.Nc3 e5 6.Ndb5 d6 7.Bg5 a6 8.Na3 
b5 9.Nd5 Be7 10.Bxf6 Bxf6 11.c3 O-O 12.Nc2 Bg5 13.a4 bxa4 14.Rxa4 Rb8 15.
b4 a5 16.Bc4 axb4 17.cxb4 Bb7 18.O-O Ne7 19.Ra2 Nxd5 20.Bxd5 Qb6 21.Bxb7 
Rxb7 22.Qd3 Be7 23.Ra6 Qb5 24.Qxb5 Rxb5 25.Ra7 Bg5 26.Rfa1 f5 27.exf5 Rc8 
28.Ra8 Rbb8 29.Rxb8 Rxb8 30.Rd1 Rb6 31.Ne3 Kf7 32.Nd5 Rc6 33.Rb1 Bd8 34.
Kf1 Rc4 35.Ne3 Rd4 36.Ke2 Bb6 37.Rb2 Ke7 38.Rd2 Re4 39.b5 Kd7 40.g3 Rb4 
41.Nd5 Rxb5 42.f6 gxf6 43.Nxf6+ Ke6 44.Nxh7 e4 45.h4 Bd8 46.f3 Rb3 47.fxe4
1/2-1/2

[Event "10th European club championship, Qualification group 1"]
[Site "Eupen"]
[Date "1994.10.16"]
[Round "3"]
[White "Holst, Allan"]
[Black "Karlsson, Lars"]
[Result "1/2-1/2"]
[WhiteElo "2340"]
[BlackElo "2500"]
[BlackTitle "GM"]
[WhiteTeam "SK 1968 Århus"]
[BlackTeam "SK Rockaden Stockholm"]
[Board "2"]
[Source "OlimpBase"]
[EventDate "1994.10.14"]
[PlyCount "51"]

1.e4 c5 2.Nf3 d6 3.c3 Nf6 4.Be2 Bd7 5.d3 Bc6 6.Nbd2 Nbd7 7.O-O g6 8.Re1 
Bg7 9.Bf1 Ne5 10.Nh4 Bd7 11.f4 Nc6 12.Ndf3 O-O 13.h3 b5 14.f5 b4 15.c4 e6 
16.Bf4 Ne8 17.Qd2 Nd4 18.fxe6 fxe6 19.e5 dxe5 20.Bxe5 Bc6 21.Nxd4 cxd4 22.
g3 g5 23.Bg2 Bxg2 24.Nxg2 Rf5 25.Bxg7 Nxg7 26.Rf1 1/2-1/2

[Event "10th European club championship, Qualification group 1"]
[Site "Eupen"]
[Date "1994.10.16"]
[Round "3"]
[White "Sjöberg, Mats"]
[Black "Jacobsen, Bo"]
[Result "1-0"]
[WhiteElo "2445"]
[BlackElo "2280"]
[WhiteTitle "IM"]
[WhiteTeam "SK Rockaden Stockholm"]
[BlackTeam "SK 1968 Århus"]
[Board "3"]
[Source "OlimpBase"]
[EventDate "1994.10.14"]
[PlyCount "67"]

1.d4 Nf6 2.c4 c5 3.d5 e5 4.Nc3 d6 5.e4 Be7 6.g3 O-O 7.Bg2 Nbd7 8.Nge2 Ne8 
9.O-O g6 10.Bh6 Ng7 11.Qd2 Nf6 12.h3 Kh8 13.Be3 Rb8 14.Nc1 Nfh5 15.Nd3 f5 
16.Bh6 Bd7 17.Kh2 Rf7 18.f4 exf4 19.Nxf4 Bf6 20.exf5 Nxf5 21.Nxh5 gxh5 22.
Bf4 h4 23.g4 Ng3 24.Bxd6 Bf5 25.Bf4 Nxf1+ 26.Rxf1 Bg6 27.d6 Qf8 28.Bd5 Rg7
29.Kg2 Re8 30.Bf3 Rd7 31.g5 Bg7 32.Bg4 Rf7 33.d7 Rd8 34.Be6 1-0

[Event "10th European club championship, Qualification group 1"]
[Site "Eupen"]
[Date "1994.10.16"]
[Round "3"]
[White "Pedersen, Finn"]
[Black "Hartman, Christer"]
[Result "1/2-1/2"]
[WhiteElo "2270"]
[BlackElo "2345"]
[BlackTitle "IM"]
[WhiteTeam "SK 1968 Århus"]
[BlackTeam "SK Rockaden Stockholm"]
[Board "4"]
[Source "OlimpBase"]
[EventDate "1994.10.14"]
[PlyCount "136"]

1.d4 d5 2.c4 e6 3.Nc3 Nf6 4.Bg5 Nbd7 5.e3 c6 6.cxd5 exd5 7.Bd3 Be7 8.Nf3 
Ne4 9.Bxe4 Bxg5 10.Nxg5 Qxg5 11.h4 Qe7 12.Bc2 Nb6 13.Qf3 Nc4 14.O-O-O Be6 
15.e4 Qb4 16.Bb3 O-O-O 17.exd5 cxd5 18.Bxc4 Qxc4 19.Kb1 Kb8 20.Qg3+ Qc7 
21.Qg5 f6 22.Qd2 Rc8 23.Rc1 Qa5 24.Rhe1 Rc6 25.Qf4+ Ka8 26.Re3 Rhc8 27.h5 
h6 28.g4 b5 29.Ree1 b4 30.Ne2 Qb5 31.Rxc6 Qd3+ 32.Ka1 Rxc6 33.Nc1 Qc4 34.
f3 Bc8 35.Nb3 Qb5 36.Nc5 a5 37.Qe3 a4 38.a3 Rb6 39.Qe8 Kb8 40.Qxb5 Rxb5 
41.Re7 bxa3 42.bxa3 f5 43.Rxg7 fxg4 44.fxg4 Rb6 45.Nd7+ Bxd7 46.Rxd7 Kc8 
47.Rxd5 Rb3 48.Ka2 Rg3 49.g5 Rg2+ 50.Kb1 hxg5 51.h6 Rh2 52.Rxg5 Rxh6 53.
Ra5 Rh2 54.Rxa4 Kd7 55.Rb4 Kc6 56.a4 Rg2 57.Rb2 Rg4 58.Rd2 Kd5 59.a5 Rg8 
60.Kb2 Ra8 61.Rh2 Kxd4 62.Rh5 Kc4 63.Ka3 Rg8 64.a6 Rg6 65.Ra5 Rg3+ 66.Kb2 
Rg2+ 67.Kc1 Rg8 68.a7 Ra8 1/2-1/2

[Event "10th European club championship, Qualification group 1"]
[Site "Eupen"]
[Date "1994.10.16"]
[Round "3"]
[White "Björk, Carl-Magnus"]
[Black "Rewitz, Poul"]
[Result "1-0"]
[WhiteElo "2310"]
[BlackElo "2310"]
[WhiteTitle "FM"]
[WhiteTeam "SK Rockaden Stockholm"]
[BlackTeam "SK 1968 Århus"]
[Board "5"]
[Source "OlimpBase"]
[EventDate "1994.10.14"]
[PlyCount "69"]

1.d4 d5 2.c4 e5 3.dxe5 d4 4.Nf3 Nc6 5.g3 Be6 6.Nbd2 Qd7 7.Bg2 Nge7 8.O-O 
Rd8 9.b3 Ng6 10.Bb2 Be7 11.Re1 Bh3 12.Bh1 O-O 13.a3 f6 14.exf6 Bxf6 15.Ne4
Be7 16.b4 Qg4 17.Nfd2 Nce5 18.c5 Qh5 19.Qb3+ Kh8 20.Nf3 Nxf3+ 21.Bxf3 Bg4 
22.Bxg4 Qxg4 23.f3 Qh3 24.Rad1 Bf6 25.Rd2 Be5 26.Rf1 Nh4 27.Rf2 Nf5 28.Ng5
Qh6 29.f4 Ne3 30.Nf7+ Rxf7 31.Qxf7 Ng4 32.Bxd4 Nxf2 33.Bxe5 Nh3+ 34.Kg2 
Rg8 35.Rd7 1-0

[Event "10th European club championship, Qualification group 1"]
[Site "Eupen"]
[Date "1994.10.16"]
[Round "3"]
[White "Christensen, Jan"]
[Black "Lyrberg, Patrik"]
[Result "1/2-1/2"]
[WhiteElo "2235"]
[BlackElo "2405"]
[BlackTitle "IM"]
[WhiteTeam "SK 1968 Århus"]
[BlackTeam "SK Rockaden Stockholm"]
[Board "6"]
[Source "OlimpBase"]
[EventDate "1994.10.14"]
[PlyCount "64"]

1.d4 Nf6 2.Nf3 d6 3.Nc3 g6 4.e4 Bg7 5.Be2 O-O 6.O-O Nbd7 7.Re1 c6 8.a4 Qc7
9.h3 e5 10.dxe5 dxe5 11.Bc4 Nc5 12.Qe2 Ne6 13.Bxe6 Bxe6 14.Be3 h6 15.Red1 
Nh5 16.a5 Nf4 17.Qe1 b6 18.axb6 axb6 19.Rxa8 Rxa8 20.Ra1 Rd8 21.Rd1 Ra8 
22.Ra1 Rb8 23.Rd1 Qe7 24.Qd2 Qf6 25.Bxf4 Qxf4 26.Qe2 Bf8 27.g3 Qf6 28.Kg2 
Ra8 29.Qe3 Ra6 30.g4 Kg7 31.Ne2 Bc5 32.Qc3 Ra4 1/2-1/2